Применение технологии UNITESK для функционального тестирования системы управления сетью широкополосного беспроводного доступа стандарта IEEE 802.16; Известия Томского политехнического университета [Известия ТПУ]; Т. 321, № 5 : Управление, вычислительная техника и информатика

Bibliografiske detaljer
Parent link:Известия Томского политехнического университета [Известия ТПУ]/ Томский политехнический университет (ТПУ).— , 2000-
Т. 321, № 5 : Управление, вычислительная техника и информатика.— 2012.— [С. 81-87]
Hovedforfatter: Бойченко И. В. Иван Валентинович
Andre forfattere: Бортников Е. В. Евгений Валерьевич, Немеров А. А. Александр Александрович
Summary:Заглавие с титульного листа
Электронная версия печатной публикации
Описана технология UniTESK и ее применение для функционального тестирования системы управления сетью широкополосного беспроводного доступа (СУ СШБД) стандарта IEEE 802.16 (WiMAX). Показано, что технология UniTESK достаточно проста и эффективна для тестирования событийно-управляемых систем. Рассматривается схема взаимодействия тестирующей и целевой системы.
Sprog:russisk
Udgivet: 2012
Serier:Управление, вычислительная техника и информатика
Fag:
Online adgang:http://earchive.tpu.ru/bitstream/11683/4512/1/bulletin_tpu-2012-321-5-17.pdf
Format: MixedMaterials Electronisk Book Chapter
KOHA link:https://koha.lib.tpu.ru/cgi-bin/koha/opac-detail.pl?biblionumber=233344

MARC

LEADER 00000nla2a2200000 4500
001 233344
005 20231031203549.0
035 |a (RuTPU)RU\TPU\book\254421 
035 |a RU\TPU\book\254420 
090 |a 233344 
100 |a 20130301d2012 k y0rusy50 ca 
101 0 |a rus 
102 |a RU 
135 |a drnn ---uucaa 
181 0 |a i  
182 0 |a b 
200 1 |a Применение технологии UNITESK для функционального тестирования системы управления сетью широкополосного беспроводного доступа стандарта IEEE 802.16  |b Электронный ресурс  |f И. В. Бойченко, Е. В. Бортников, А. А. Немеров 
203 |a Текст  |c электронный 
215 |a 1 файл (268 Кб) 
225 1 |a Управление, вычислительная техника и информатика 
230 |a Электронные текстовые данные (1 файл : 268 Кб) 
300 |a Заглавие с титульного листа 
300 |a Электронная версия печатной публикации 
320 |a [Библиогр.: с. 87 (6 назв.)] 
330 |a Описана технология UniTESK и ее применение для функционального тестирования системы управления сетью широкополосного беспроводного доступа (СУ СШБД) стандарта IEEE 802.16 (WiMAX). Показано, что технология UniTESK достаточно проста и эффективна для тестирования событийно-управляемых систем. Рассматривается схема взаимодействия тестирующей и целевой системы. 
337 |a Adobe Reader 
461 1 |0 (RuTPU)RU\TPU\book\176237  |t Известия Томского политехнического университета [Известия ТПУ]  |f Томский политехнический университет (ТПУ)  |d 2000- 
463 1 |0 (RuTPU)RU\TPU\book\254124  |x 1684-8519  |t Т. 321, № 5 : Управление, вычислительная техника и информатика  |v [С. 81-87]  |d 2012  |p 261 с. 
610 1 |a коммуникационные протоколы 
610 1 |a широкополосный доступ 
610 1 |a беспроводной доступ 
610 1 |a сети 
610 1 |a системы управления 
610 1 |a программное обеспечение 
610 1 |a тестирование 
610 1 |a UniTESK 
610 1 |a CTESK 
610 1 |a WiMAX 
610 1 |a электронный ресурс 
700 1 |a Бойченко  |b И. В.  |g Иван Валентинович 
701 1 |a Бортников  |b Е. В.  |g Евгений Валерьевич 
701 1 |a Немеров  |b А. А.  |g Александр Александрович 
801 1 |a RU  |b 63413507  |c 20090623  |g PSBO 
801 2 |a RU  |b 63413507  |c 20220124  |g PSBO 
856 4 |u http://earchive.tpu.ru/bitstream/11683/4512/1/bulletin_tpu-2012-321-5-17.pdf 
942 |c CF